000
00312nam a22001337a 4500
008
181019b xxu||||| |||| 00| 0 eng d
020
_a
9780071746557
041
_a
eng
080
_2
2nd
_a
330
100
_a
58
101
_a
BIZ
245
_a
Great Applications for Business School
_c
Bodine,P
942
_2
udc
_c
BK
999
_c
50251
_d
50251